Dějiny cisterckého řádu v Čechách 1142-1420. Svazek I Fundace 12. století

Saved in:
Bibliographic Details
Main Author Kateřina, Charvátová
Format Electronic eBook
LanguageCzech
Published Karolinum 2013
Edition1. elektronické vydání
Subjects
Online AccessDostupné v BOOKPORT po přihlášení pomocí eduID
ISBN978-80-246-2649-9
978-80-246-2200-2
Physical Description1 online zdroj (484 stran)

Cover

LEADER 00000nam a2200000 i 4500
001 bkp516977658
003 CZ-prgp
005 20260413161533.0
006 m o d
007 cr cn
008 260413s2013 xr o 000 0 cze
020 |a 978-80-246-2649-9  |c 280 Kč  |q (online ; pdf) 
020 |a 978-80-246-2200-2  |c 400 Kč  |q (print) 
040 |a Grada  |b cze  |e rda 
100 1 |a Kateřina, Charvátová 
245 1 0 |a Dějiny cisterckého řádu v Čechách 1142-1420. Svazek I  |b Fundace 12. století  |c Charvátová Kateřina 
250 |a 1. elektronické vydání 
264 1 |b Karolinum  |c 2013 
300 |a 1 online zdroj (484 stran) 
336 |a text  |b txt  |2 rdacontent 
337 |a počítač  |b c  |2 rdamedia 
338 |a online zdroj  |b cr  |2 rdacarrier 
520 3 |a První svazek souboru Dějin cisterckého řádu v Čechách 1142-1420 je zaměřen na historii pěti nejstarších cisterciáckých klášterů na území Čech: Sedlce, Plas, Pomuku, Hradiště nad Jizerou a Oseka. Čtenář se seznámí i se vznikem a vývojem řádu do 15. století, s organizací cisterciáckého řádu, životem v klášteře, řádovou liturgií a architekturou a svébytným cisterciáckým ekonomickým modelem. Publikace vyšla poprvé v roce 2002, druhé vydání využívá další archivní studium a je přepracováno s ohledem na postup bádání a aktuální literatury, zejména zahraniční. Významnou složku knihy tvoří ilustrační materiál (rozšířen na více než 180 černobílých fotografií, map, schémat a kreseb), který doplňuje text a přibližuje ho čtenáři v nové grafické úpravě. 
650 0 4 |a Dějiny 
856 4 0 |u https://www.bookport.cz/AccountSaml/SignIn/?idp=https://shibboleth.utb.cz/idp/shibboleth&returnUrl=/kniha/dejiny-cisterckeho-radu-v-cechach-1142-1420-svazek-i-15973/  |y Dostupné v BOOKPORT po přihlášení pomocí eduID